| 000 | 00388nam a22001457a 4500 | ||
|---|---|---|---|
| 020 | _a9781439854006 | ||
| 082 |
_a628.1 _bDRI/WA |
||
| 100 |
_aDrinan,Joanne E. _9693 |
||
| 100 |
_aSpellman,Frank R. _9694 |
||
| 245 | _aWater and Wastewater Treatment: A Guide for the Nonengineering Professional | ||
| 250 | _a2 nd | ||
| 260 |
_aBoca Raton _bCRC Press _c2013 |
||
| 300 | _a278 | ||
| 942 | _cBK | ||
| 999 |
_c14428 _d14428 |
||